LEADER 01808nas 2200481-a 450 001 996204912603316 005 20240413013420.0 035 $a(CKB)1000000000278477 035 $a(CONSER)cn-95300843- 035 $a(EXLCZ)991000000000278477 100 $a19950328a19959999 --- b 101 0 $afre 200 00$aActualités histoire Québec $ebulletin d'information de la Fédération des sociétés d'histoire du Québec 210 $aMontréal $cLa Fédération$d1995- 215 $a1 online resource 300 $aTitre de départ. 311 $aPrint version: Actualités histoire Québec : (DLC)cn 95300843 (OCoLC)1082211505 1201-4702 531 0 $aActual. hist. Qué. 606 $aGenealogy$xSocieties, etc$2fast$3(OCoLC)fst00939683 606 $aSocieties$2fast$3(OCoLC)fst01123785 606 $aHistoire locale$2rasuqam 606 $aSociété historique$2rasuqam 607 $aQuébec (Province)$xHistory, Local$xSocieties, etc$vPeriodicals 607 $aQuébec (Province)$xGenealogy$xSocieties, etc$vPeriodicals 607 $aQuébec (Province)$xHistoire locale$xSociétés, etc$vPériodiques 607 $aQuébec (Province)$xGénéalogies$xAssociations$vPériodiques 607 $aQuébec$2fast 607 $aQuébec (Province)$2rasuqam 608 $aLocal history.$2fast 608 $aPeriodicals.$2fast 608 $aTableaux généalogiques.$2rvmgf 615 7$aGenealogy$xSocieties, etc. 615 7$aSocieties. 615 7$aHistoire locale. 615 7$aSociété historique. 676 $a971.4/006 686 $acci1icc$2lacc 712 02$aFédération des sociétés d'histoire du Québec. 906 $aJOURNAL 912 $a996204912603316 920 $aexl_impl conversion 996 $aActualités histoire Québec$92301833 997 $aUNISA LEADER 05169nam 2200769Ia 450 001 9910962190503321 005 20120130151416.0 010 $a9786613524393 010 $a9781280120534 010 $a1280120533 010 $a9781780525037 010 $a1780525036 035 $a(CKB)2550000000088802 035 $a(EBL)862257 035 $a(OCoLC)819594614 035 $a(SSID)ssj0000614881 035 $a(PQKBManifestationID)12249964 035 $a(PQKBTitleCode)TC0000614881 035 $a(PQKBWorkID)10605280 035 $a(PQKB)10138519 035 $a(Au-PeEL)EBL862257 035 $a(CaPaEBR)ebr10532008 035 $a(CaONFJC)MIL352439 035 $a(OCoLC)835936774 035 $a(UtOrBLW)bslw08204087 035 $a(PPN)187306559 035 $a(Perlego)387057 035 $a(MiAaPQ)EBC862257 035 $a(EXLCZ)992550000000088802 100 $a20120130d2012 uy 0 101 0 $aeng 135 $aurun||||||||| 181 $ctxt 182 $cc 183 $acr 200 00$aBlack American female undergraduates on campus $esuccesses and challenges /$fedited by Crystal Renée Chambers, Rhonda Vonshay Sharpe 205 $a1st ed. 210 $aBingley, U.K. $cEmerald$d2012 215 $a1 online resource (247 p.) 225 1 $aDiversity in higher education,$x1479-3644 ;$vv. 12 300 $aOn cover: EmeraldBooks. 311 08$a9781780525020 311 08$a1780525028 320 $aIncludes bibliographical references. 327 $aPreface / Crystal Renée Chambers, Rhonda Vonshay Sharpe -- You go girl! : trends in educational attainment of black women / Sacha D. Blalock, Rhonda Vonshay Sharpe -- Analyzing the female advantage in college access among African Americans / Su Jin Jez -- Gender differences in self-actualization / Allan Okech, Crystal Renée Chambers -- Black women's experiences with racial microaggressions in college : making meaning at the crossroads of race and gender / Joanna Lee Williams, Tanya M. Nichols -- A way of making it : black reentry females' success and challenges to undergraduate education / Yolanda Sealey-Ruiz -- The culture of competition : identifying the unique experiences of domestic and international black student-athletes / Noel Harmon, Khalilah Doss, Saran Donahoo -- Sending an SOS : how social support networks contribute to the success of black lesbians at predominantly white institutions / Chutney Walton Guyton, Ferlin McGaskey -- African American high-achieving girls : STEM careers as options / Wanda B. Coneal -- Differential gender outcomes of career exploration sessions for African American undergraduates : an examination of a computing science outreach effort at predominantly white institutions / Jerlando F.L. Jackson, LaVar J. Charleston -- Prepared and progressing : black women in physics / Sharon Fries-Britt, Kimberly M. Holmes -- Hoping for the unexpected : African American women as STEM educators / Wynetta Y. Lee, Janet A. Guyden, P. Gayle Harris Watkins. 330 $aSince the 1976, increased attention has been paid to the diminishing numbers of Black males in higher education, and rightly so: the total numerical enrollments of Black female undergraduates has outstripped their male counterparts by a factor of nearly 2 to 1. Since intervention, however, the enrollment growth rate among Black males (60%) exceeded that of Black females (40%) (NCES, 2008). Needless to say, this good news was is welcomed by many. However, as Cole & Guy-Sheftall (2003) have pointed out, it may be misguided to assume that improving the status of black men will single-handedly solve all the complex problems facing African American communities. Are we indirectly neglecting Black females? And what of their future? The purpose of Black Female Undergraduates on Campus is to identify both successes and challenges faced by Black female students accessing and matriculating through institutions of higher education. In illuminating the interactive complexities between persons and place, this volume is aimed toward garnering an understanding of the educational trajectories and experiences of Black females, independent of and in comparison to their peers. Special attention is paid to women pursuing careers in the high demand fields of teacher education and STEM. 410 0$aDiversity in higher education ;$vv. 12. 606 $aEducation$xMulticultural Education$2bisacsh 606 $aEducation$xHigher$2bisacsh 606 $aMulticultural education$2bicssc 606 $aBlack & Asian studies$2bicssc 606 $aAfrican American women college students 615 7$aEducation$xMulticultural Education. 615 7$aEducation$xHigher. 615 7$aMulticultural education. 615 7$aBlack & Asian studies. 615 0$aAfrican American women college students. 676 $a370.117 676 $a378.1982996073 701 $aChambers$b Crystal Rene?e$0857359 701 $aSharpe$b Rhonda V$01865513 801 0$bUtOrBLW 801 1$bUtOrBLW 906 $aBOOK 912 $a9910962190503321 996 $aBlack American female undergraduates on campus$94472632 997 $aUNINA